000 00243nam a2200097Ia 4500
001 989648
005 20250826221200.0
008 250824s9999 xx 000 0 und d
245 0 _aKENDİNİ BULMAK
_cİHSAN FAZLIOĞLU
260 _bKETEBE YAYINLARI
999 _c989648
_d989648